01689nam a2200361 a 4500001001200000003000800012006001900020007001500039008004100054010001700095020001800112020002700130040002100157035002100178050002500199082001800224111006900242245022700311260003900538300002200577490005000599500010200649504004100751533015200792650004200944655002900986700002601015710002901041710006301070710001701133830005101150856012601201ebr10516465CaPaEBRm u cr cn|||||||||740904s1962 nyua sb 100 0 eng d z 62013118  z9781563478567 z9781600862625 (e-book) aCaPaEBRcCaPaEBR a(OCoLC)65465498114aTL571.5b.I58 1961eb04a629.132322222 aInternational Hypersonics Conferenced(1961 :cCambridge, Mass.)10aHypersonic flow researchh[electronic resource] :ba selection of technical papers based mainly on a symposium of the American Rocket Society held at Massachusetts Institute of Technology /cedited by Frederick R. Riddell. aNew York :bAcademic Press,c1962. ax, 758 p. :bill.1 aProgress in astronautics and rocketry ;vv. 7 aSponsored jointly by the Air Force Office of Scientific Research and the American Rocket Society. aIncludes bibliographical references. aElectronic reproduction.bPalo Alto, Calif. :cebrary,d2013.nAvailable via World Wide Web.nAccess may be limited to ebrary affiliated libraries. 0aAerodynamics, HypersonicvCongresses. 7aElectronic books.2local1 aRiddell, Frederick R.2 aAmerican Rocket Society.1 aUnited States.bAir Force.bOffice of Scientific Research.2 aebrary, Inc. 0aProgress in astronautics and rocketry ;vv. 7.40uhttp://site.ebrary.com/lib/rucke/Doc?id=10516465zAn electronic book accessible through the World Wide Web; click to view